000 00315nam a2200133 a 4500
082 0 0 _a220.59155
_bBIB
100 _aBible Society London
245 _aKitab-e-muqaddas
260 _aLondon
_bBible Society
_c1963
300 _a421p
500 _aincludes index and biblioraphy
650 _aBible-Persian
942 _cBK
999 _c2372
_d2372